[Event "WCO 2016"]
[Site "?"]
[Date "2016.09.13"]
[Round "11"]
[Board "19"]
[WhiteID "21504164"]
[White "Bukannan Ahmed A"]
[BlackID "12202576"]
[Black "Abdelazeez Mohamed Abdalla"]
[Result "0-1"]
[BlackElo "2183"]
[WhiteElo "1890"]
[LiveChessVersion "1.4.8"]

1. d4 {[%clk 1:30:55]} Nf6 {[%clk 1:30:26]} 2. Nf3 {[%clk 1:31:06]} e6
{[%clk 1:30:44]} 3. e3 {[%clk 1:30:59]} b6 {[%clk 1:27:55]} 4. Bd3
{[%clk 1:30:47]} Be7 {[%clk 1:27:55]} 5. O-O {[%clk 1:30:46]} Bb7
{[%clk 1:26:18]} 6. c4 {[%clk 1:30:03]} d5 {[%clk 1:25:58]} 7. Nc3
{[%clk 1:29:09]} O-O {[%clk 1:25:47]} 8. b3 {[%clk 1:26:03]} Nbd7
{[%clk 1:23:48]} 9. Bb2 {[%clk 1:24:09]} c5 {[%clk 1:23:02]} 10. Rc1
{[%clk 1:22:13]} Rc8 {[%clk 1:18:16]} 11. Re1 {[%clk 1:18:04]} Ne4
{[%clk 1:14:57]} 12. Ne5 {[%clk 1:12:08]} f5 {[%clk 1:07:17]} 13. Nxd7
{[%clk 1:02:31]} Qxd7 {[%clk 1:02:16]} 14. Bxe4 {[%clk 0:58:35]} fxe4
{[%clk 1:00:39]} 15. dxc5 {[%clk 0:56:25]} Bxc5 {[%clk 1:00:31]} 16. Re2
{[%clk 0:45:49]} Qf7 {[%clk 0:53:47]} 17. Na4 {[%clk 0:44:15]} Bd6
{[%clk 0:50:26]} 18. Rd2 {[%clk 0:39:42]} Bb4 {[%clk 0:47:17]} 19. Re2
{[%clk 0:37:35]} Ba6 {[%clk 0:45:09]} 20. a3 {[%clk 0:36:22]} Be7
{[%clk 0:45:04]} 21. Rec2 {[%clk 0:34:30]} dxc4 {[%clk 0:42:30]} 22. bxc4
{[%clk 0:34:43]} Bxc4 {[%clk 0:37:07]} 23. Qe1 {[%clk 0:34:08]} b5
{[%clk 0:36:39]} 24. h3 {[%clk 0:33:01]} Rcd8 {[%clk 0:36:26]} 25. Rd2
{[%clk 0:31:09]} Rxd2 {[%clk 0:32:08]} 26. Qxd2 {[%clk 0:31:37]} Bh4
{[%clk 0:31:58]} 27. g3 {[%clk 0:30:07]} Bxg3 {[%clk 0:23:36]} 28. fxg3
{[%clk 0:30:29]} bxa4 {[%clk 0:23:59]} 29. Be5 {[%clk 0:29:27]} Bd3
{[%clk 0:22:29]} 30. Qg2 {[%clk 0:28:02]} Qf5 {[%clk 0:20:47]} 31. Bd4
{[%clk 0:28:17]} a6 {[%clk 0:17:07]} 32. Rc7 {[%clk 0:26:27]} e5 {[%clk 0:17:04]}
33. Bc5 {[%clk 0:25:38]} Rb8 {[%clk 0:12:38]} 34. Re7 {[%clk 0:24:24]} h6
{[%clk 0:10:29]} 35. g4 {[%clk 0:22:37]} Qf3 {[%clk 0:10:29]} 36. Qxf3
{[%clk 0:20:48]} exf3 {[%clk 0:10:44]} 37. Rxe5 {[%clk 0:20:57]} Rb2
{[%clk 0:09:31]} 38. Re8+ {[%clk 0:21:02]} Kh7 {[%clk 0:09:22]} 39. Rf8
{[%clk 0:21:18]} Rg2+ {[%clk 0:09:41]} 40. Kh1 {[%clk 0:51:41]} Be4
{[%clk 0:39:57]} 41. g5 {[%clk 0:50:20]} f2 {[%clk 0:39:47]} 42. gxh6
{[%clk 0:50:08]} Rg1+ {[%clk 0:39:52]} 43. Kh2 {[%clk 0:50:37]} f1=Q
{[%clk 0:40:07]} 44. Rxf1 {[%clk 0:50:44]} Rxf1 {[%clk 0:40:29]} 45. hxg7
{[%clk 0:51:04]} Kxg7 {[%clk 0:40:45]} 46. Kg3 {[%clk 0:51:25]} Kg6
{[%clk 0:41:09]} 47. h4 {[%clk 0:51:42]} Kh5 {[%clk 0:41:26]} 48. Bd4
{[%clk 0:51:56]} Rf3+ {[%clk 0:41:47]} 49. Kh2 {[%clk 0:52:12]} Kxh4
{[%clk 0:42:11]} 50. Bc5 {[%clk 0:52:23]} Rf2+ {[%clk 0:41:52]} 51. Kg1
{[%clk 0:52:46]} Rc2 {[%clk 0:42:10]} 52. Bd6 {[%clk 0:53:06]} Kg4
{[%clk 0:42:06]} 53. Bb4 {[%clk 0:53:10]} Kf3 {[%clk 0:41:27]} 54. Be7
{[%clk 0:53:20]} Bf5 {[%clk 0:41:32]} 55. Bd6 {[%clk 0:53:35]} Bh3
{[%clk 0:41:44]} 56. Bf4 {[%clk 0:53:50]} Rc1+ {[%clk 0:42:05]} 57. Kh2
{[%clk 0:54:13]} Bg2 {[%clk 0:42:27]} 0-1

[Event "WCO 2016"]
[Site "?"]
[Date "2016.09.13"]
[Round "11"]
[Board "20"]
[WhiteID "12201685"]
[White "Hassan Abubaker Ali"]
[BlackID "21500029"]
[Black "Al Habeeb Emad"]
[Result "1-0"]
[BlackElo "2030"]
[WhiteElo "2167"]
[LiveChessVersion "1.4.8"]

1. d4 {[%clk 1:30:49]} d6 {[%clk 1:30:42]} 2. Bg5 {[%clk 1:30:35]} h6
{[%clk 1:29:45]} 3. Bh4 {[%clk 1:30:42]} Nd7 {[%clk 1:28:57]} 4. e4
{[%clk 1:30:36]} Ngf6 {[%clk 1:27:20]} 5. Nc3 {[%clk 1:26:47]} e5
{[%clk 1:26:02]} 6. Nf3 {[%clk 1:25:58]} Be7 {[%clk 1:24:08]} 7. Bg3
{[%clk 1:23:37]} Nh5 {[%clk 1:20:38]} 8. Nd5 {[%clk 1:18:32]} Nxg3
{[%clk 1:17:38]} 9. hxg3 {[%clk 1:18:50]} Bf8 {[%clk 1:17:21]} 10. Bc4
{[%clk 1:17:46]} c6 {[%clk 1:12:59]} 11. Ne3 {[%clk 1:17:56]} Qc7
{[%clk 1:08:52]} 12. Ng5 {[%clk 1:17:59]} d5 {[%clk 1:00:10]} 13. exd5
{[%clk 1:17:44]} exd4 {[%clk 0:58:23]} 14. Nxf7 {[%clk 1:15:00]} Qa5+
{[%clk 0:56:56]} 15. Kf1 {[%clk 1:12:49]} Nf6 {[%clk 0:39:12]} 16. Nxh8
{[%clk 1:04:30]} dxe3 {[%clk 0:28:00]} 17. Qf3 {[%clk 1:00:24]} Qc5
{[%clk 0:22:45]} 18. Qxe3+ {[%clk 0:59:27]} Qxe3 {[%clk 0:22:48]} 19. fxe3
{[%clk 0:59:50]} Ne4 {[%clk 0:21:48]} 20. Ke1 {[%clk 0:59:31]} Bd6
{[%clk 0:18:42]} 21. Rf1 {[%clk 0:58:15]} Bxg3+ {[%clk 0:18:51]} 22. Ke2
{[%clk 0:56:08]} Bg4+ {[%clk 0:18:21]} 23. Kd3 {[%clk 0:56:16]} Nf2+
{[%clk 0:13:38]} 24. Kd4 {[%clk 0:55:47]} O-O-O {[%clk 0:11:34]} 25. Nf7
{[%clk 0:54:29]} Rd7 {[%clk 0:11:27]} 26. Rxf2 {[%clk 0:53:06]} Bxf2
{[%clk 0:10:53]} 27. Ne5 {[%clk 0:53:26]} cxd5 {[%clk 0:04:37]} 28. Nxd7
{[%clk 0:52:03]} dxc4 {[%clk 0:04:28]} 29. Ne5 {[%clk 0:51:34]} Be6
{[%clk 0:04:30]} 30. Nxc4 {[%clk 0:50:03]} Bxc4 {[%clk 0:04:32]} 31. Kxc4
{[%clk 0:50:06]} Bxe3 {[%clk 0:04:55]} 32. Rf1 {[%clk 0:50:22]} g5
{[%clk 0:02:24]} 33. g4 {[%clk 0:50:28]} Bf4 {[%clk 0:02:13]} 34. Kd5
{[%clk 0:50:34]} Kd7 {[%clk 0:02:30]} 35. Rh1 {[%clk 0:50:54]} Bd6
{[%clk 0:02:02]} 36. Rxh6 {[%clk 0:51:05]} Be7 {[%clk 0:02:21]} 37. Rh7
{[%clk 0:51:20]} a6 {[%clk 0:02:16]} 38. c4 {[%clk 0:51:33]} a5 {[%clk 0:02:19]}
39. c5 {[%clk 0:51:24]} Kd8 {[%clk 0:01:51]} 40. Ke6 {[%clk 1:21:09]} Bxc5
{[%clk 0:31:42]} 41. Rxb7 {[%clk 1:21:23]} Kc8 {[%clk 0:29:01]} 42. Rb5
{[%clk 1:21:34]} 1-0

[Event "WCO 2016"]
[Site "?"]
[Date "2016.09.13"]
[Round "11"]
[Board "21"]
[WhiteID "10100130"]
[White "Aderito Pedro"]
[BlackID "7800010"]
[Black "Lodhi Mahmood"]
[Result "1/2-1/2"]
[BlackElo "2334"]
[WhiteElo "2315"]
[LiveChessVersion "1.4.8"]

1. Nf3 {[%clk 1:30:58]} Nf6 {[%clk 1:30:43]} 2. b3 {[%clk 1:31:13]} g6
{[%clk 1:31:05]} 3. Bb2 {[%clk 1:31:31]} Bg7 {[%clk 1:31:28]} 4. g3
{[%clk 1:31:01]} O-O {[%clk 1:31:33]} 5. Bg2 {[%clk 1:31:24]} d6 {[%clk 1:31:58]}
6. d4 {[%clk 1:31:33]} Nbd7 {[%clk 1:31:17]} 7. Nbd2 {[%clk 1:24:57]} a5
{[%clk 1:28:13]} 8. a4 {[%clk 1:21:54]} e5 {[%clk 1:26:24]} 9. dxe5
{[%clk 1:15:50]} Ng4 {[%clk 1:26:43]} 10. Nc4 {[%clk 1:16:00]} Ngxe5
{[%clk 1:26:17]} 11. Nfxe5 {[%clk 1:16:16]} Nxe5 {[%clk 1:26:33]} 12. Nxe5
{[%clk 1:16:26]} Bxe5 {[%clk 1:25:47]} 13. Bxe5 {[%clk 1:16:11]} dxe5
{[%clk 1:26:16]} 14. Qxd8 {[%clk 1:15:37]} Rxd8 {[%clk 1:26:44]} 15. Rd1
{[%clk 1:15:31]} Bf5 {[%clk 1:26:06]} 16. e4 {[%clk 1:06:48]} Bg4
{[%clk 1:25:19]} 17. f3 {[%clk 1:05:11]} Be6 {[%clk 1:25:24]} 18. Ke2
{[%clk 0:57:27]} Kf8 {[%clk 1:23:16]} 19. Ke3 {[%clk 0:55:37]} Ke7
{[%clk 1:23:24]} 20. Rhe1 {[%clk 0:55:22]} Rd6 {[%clk 1:19:36]} 21. f4
{[%clk 0:45:34]} f6 {[%clk 1:15:25]} 22. fxe5 {[%clk 0:42:56]} fxe5
{[%clk 1:15:53]} 23. Rxd6 {[%clk 0:42:39]} Kxd6 {[%clk 1:16:09]} 24. Rf1
{[%clk 0:43:08]} Kc5 {[%clk 1:16:15]} 25. Rf6 {[%clk 0:41:55]} Re8
{[%clk 1:16:27]} 26. Kd2 {[%clk 0:41:07]} c6 {[%clk 1:16:23]} 27. Kc3
{[%clk 0:38:36]} b5 {[%clk 1:16:38]} 28. Bf1 {[%clk 0:38:39]} Re7
{[%clk 1:08:34]} 29. Bd3 {[%clk 0:38:36]} b4+ {[%clk 1:06:59]} 30. Kd2
{[%clk 0:35:01]} Kd4 {[%clk 1:02:36]} 31. Rf8 {[%clk 0:34:35]} c5
{[%clk 0:59:11]} 32. Ra8 {[%clk 0:29:56]} c4 {[%clk 0:57:11]} 33. bxc4
{[%clk 0:30:07]} Rf7 {[%clk 0:56:44]} 34. Rd8+ {[%clk 0:29:55]} Bd7
{[%clk 0:52:12]} 35. c5 {[%clk 0:26:07]} Kxc5 {[%clk 0:51:37]} 36. Ra8
{[%clk 0:25:43]} Bc6 {[%clk 0:40:22]} 37. Rxa5+ {[%clk 0:19:57]} Kd4
{[%clk 0:40:12]} 38. Ra6 {[%clk 0:20:03]} Bxe4 {[%clk 0:39:32]} 39. Rd6+
{[%clk 0:20:01]} Kc5 {[%clk 0:39:34]} 40. Rd8 {[%clk 0:48:31]} Bxd3
{[%clk 1:01:08]} 41. Kxd3 {[%clk 0:48:32]} Ra7 {[%clk 1:01:35]} 42. Ke4
{[%clk 0:47:07]} Rxa4 {[%clk 1:01:59]} 43. Kxe5 {[%clk 0:47:04]} Ra7
{[%clk 1:01:42]} 44. Rc8+ {[%clk 0:47:12]} Kb5 {[%clk 1:02:02]} 45. Kf6
{[%clk 0:47:28]} Ka4 {[%clk 1:00:35]} 46. g4 {[%clk 0:47:12]} Ka3
{[%clk 0:58:42]} 47. Kg5 {[%clk 0:46:33]} Re7 {[%clk 0:54:00]} 48. h4
{[%clk 0:46:31]} Re5+ {[%clk 0:53:00]} 49. Kh6 {[%clk 0:45:52]} Re4
{[%clk 0:52:58]} 50. Kg5 {[%clk 0:45:57]} h6+ {[%clk 0:47:32]} 51. Kxg6
{[%clk 0:46:02]} Rxg4+ {[%clk 0:47:57]} 52. Kh5 {[%clk 0:46:04]} Rf4
{[%clk 0:48:14]} 53. Rc6 {[%clk 0:45:17]} Kb2 {[%clk 0:48:34]} 54. Rxh6
{[%clk 0:44:45]} Rc4 {[%clk 0:47:44]} 55. Rb6 {[%clk 0:44:16]} Kxc2
{[%clk 0:48:08]} 56. Kg5 {[%clk 0:44:16]} b3 {[%clk 0:47:33]} 57. h5
{[%clk 0:44:24]} 1/2-1/2

[Event "WCO 2016"]
[Site "?"]
[Date "2016.09.13"]
[Round "11"]
[Board "22"]
[WhiteID "7801750"]
[White "Dr. Murtaza Ali "]
[BlackID "10101314"]
[Black "Silva David"]
[Result "0-1"]
[BlackElo "2276"]
[WhiteElo "2111"]
[LiveChessVersion "1.4.8"]

1. e4 {[%clk 1:30:42]} e5 {[%clk 1:30:58]} 2. Nf3 {[%clk 1:30:38]} Nc6
{[%clk 1:31:25]} 3. Bc4 {[%clk 1:30:43]} Nf6 {[%clk 1:31:36]} 4. Ng5
{[%clk 1:29:17]} d5 {[%clk 1:31:43]} 5. exd5 {[%clk 1:29:40]} b5 {[%clk 1:32:01]}
6. dxc6 {[%clk 1:18:34]} bxc4 {[%clk 1:32:14]} 7. Qe2 {[%clk 1:17:25]} Qd5
{[%clk 1:30:52]} 8. O-O {[%clk 1:15:13]} Bd6 {[%clk 1:30:51]} 9. Nc3
{[%clk 1:07:54]} Qxc6 {[%clk 1:30:45]} 10. Qf3 {[%clk 1:07:20]} Bb7
{[%clk 1:30:42]} 11. Qxc6+ {[%clk 1:07:42]} Bxc6 {[%clk 1:31:11]} 12. Re1
{[%clk 1:07:58]} O-O {[%clk 1:31:31]} 13. b3 {[%clk 1:06:55]} cxb3
{[%clk 1:31:52]} 14. axb3 {[%clk 1:07:24]} Rfd8 {[%clk 1:31:50]} 15. Bb2
{[%clk 1:05:54]} Bb4 {[%clk 1:31:14]} 16. Rad1 {[%clk 0:59:12]} Ne8
{[%clk 1:25:13]} 17. Nge4 {[%clk 0:52:27]} f6 {[%clk 1:23:16]} 18. Na2
{[%clk 0:37:06]} a5 {[%clk 1:21:48]} 19. Kf1 {[%clk 0:27:02]} Bxe4
{[%clk 1:18:52]} 20. Rxe4 {[%clk 0:27:01]} Bxd2 {[%clk 1:18:07]} 21. Ke2
{[%clk 0:27:27]} Nd6 {[%clk 1:18:06]} 22. Ra4 {[%clk 0:27:06]} Bh6
{[%clk 1:15:17]} 23. Bc3 {[%clk 0:27:15]} Nb5 {[%clk 1:12:49]} 24. Rxd8+
{[%clk 0:22:27]} Rxd8 {[%clk 1:13:03]} 25. Rxa5 {[%clk 0:22:32]} Nxc3+
{[%clk 1:12:04]} 26. Nxc3 Rd2+ 27. Kf3 {[%clk 0:22:36]} Rxc2 {[%clk 1:10:59]} 28.
Rc5 {[%clk 0:22:00]} f5 {[%clk 1:09:11]} 29. Rxc7 {[%clk 0:21:28]} e4+
{[%clk 1:07:05]} 30. Kg3 {[%clk 0:21:54]} f4+ {[%clk 1:07:02]} 31. Kh3
{[%clk 0:13:56]} e3 {[%clk 1:06:57]} 32. Rc8+ {[%clk 0:13:59]} Kf7
{[%clk 1:06:07]} 33. Rc7+ {[%clk 0:14:25]} Ke8 {[%clk 1:06:14]} 34. fxe3
{[%clk 0:14:53]} fxe3 {[%clk 1:06:17]} 35. Rc4 {[%clk 0:15:21]} Rxc3
{[%clk 1:06:14]} 36. Rxc3 {[%clk 0:13:15]} e2 {[%clk 1:06:39]} 0-1

[Event "WCO 2016"]
[Site "?"]
[Date "2016.09.13"]
[Round "11"]
[Board "23"]
[WhiteID "10100091"]
[White "Soares Erikson Roberto Mauricio"]
[BlackID "7800509"]
[Black "Wahid Hussain"]
[Result "1/2-1/2"]
[BlackElo "2018"]
[WhiteElo "2274"]
[LiveChessVersion "1.4.8"]

1. Nf3 {[%clk 1:22:36]} d5 {[%clk 1:29:39]} 2. g3 {[%clk 1:22:59]} Nf6
{[%clk 1:29:51]} 3. Bg2 {[%clk 1:23:27]} c6 {[%clk 1:29:52]} 4. d4
{[%clk 1:23:50]} Bf5 {[%clk 1:29:23]} 5. O-O {[%clk 1:24:09]} e6 {[%clk 1:29:41]}
6. c4 {[%clk 1:24:36]} Nbd7 {[%clk 1:29:19]} 7. cxd5 {[%clk 1:24:41]} exd5
{[%clk 1:29:29]} 8. Nc3 {[%clk 1:25:06]} Bd6 {[%clk 1:29:35]} 9. Nh4
{[%clk 1:25:11]} Be6 {[%clk 1:23:25]} 10. f4 {[%clk 1:25:35]} Nb6
{[%clk 1:23:32]} 11. f5 {[%clk 1:16:06]} Bd7 {[%clk 1:23:43]} 12. e4
{[%clk 1:13:50]} dxe4 {[%clk 1:24:01]} 13. Nxe4 {[%clk 1:07:52]} Nxe4
{[%clk 1:23:23]} 14. Bxe4 {[%clk 1:07:22]} Be7 {[%clk 1:21:59]} 15. Qh5
{[%clk 0:44:15]} Nd5 {[%clk 1:19:34]} 16. Bxd5 {[%clk 0:38:44]} cxd5
{[%clk 1:19:59]} 17. f6 {[%clk 0:38:22]} Bxf6 {[%clk 1:20:04]} 18. Bg5
{[%clk 0:36:48]} Bg4 {[%clk 0:44:38]} 19. Rae1+ {[%clk 0:29:48]} Kf8
{[%clk 0:44:44]} 20. Ng6+ {[%clk 0:30:10]} Kg8 {[%clk 0:41:15]} 21. Ne7+
{[%clk 0:21:33]} Qxe7 {[%clk 0:38:18]} 22. Qxg4 {[%clk 0:21:50]} Bxd4+
{[%clk 0:34:23]} 23. Qxd4 {[%clk 0:19:20]} Qxg5 {[%clk 0:34:31]} 24. Qxa7
{[%clk 0:19:48]} Rf8 {[%clk 0:34:22]} 25. Qxb7 {[%clk 0:20:17]} h5
{[%clk 0:34:22]} 26. Qe7 {[%clk 0:13:14]} Qg6 {[%clk 0:33:29]} 27. Qd7 Qb6+
{[%clk 0:23:54]} 28. Kh1 {[%clk 0:01:12]} Qxb2 {[%clk 0:22:30]} 29. Qxd5
{[%clk 0:00:50]} Qb8 {[%clk 0:18:28]} 30. Re7 {[%clk 0:01:08]} Qa8
{[%clk 0:17:16]} 31. Rb7 {[%clk 0:00:46]} Qe8 {[%clk 0:16:32]} 32. Rd7
{[%clk 0:00:38]} Rh6 {[%clk 0:16:21]} 33. Rfxf7 {[%clk 0:00:42]} Rxf7
{[%clk 0:15:49]} 34. Rd8 {[%clk 0:01:08]} Qxd8 {[%clk 0:16:12]} 35. Qxd8+
{[%clk 0:01:32]} Rf8 {[%clk 0:16:36]} 36. Qd5+ {[%clk 0:01:49]} Kh8
{[%clk 0:16:57]} 37. a4 {[%clk 0:01:51]} h4 {[%clk 0:13:18]} 38. g4
{[%clk 0:01:22]} h3 {[%clk 0:13:01]} 39. Qd3 {[%clk 0:01:16]} Re8
{[%clk 0:11:32]} 40. Kg1 {[%clk 0:31:19]} Ree6 {[%clk 0:09:07]} 41. Kf2
{[%clk 0:30:38]} Rd6 {[%clk 0:39:24]} 42. Qc3 {[%clk 0:25:06]} Rc6
{[%clk 0:37:34]} 43. Qb3 {[%clk 0:25:12]} Rb6 {[%clk 0:37:39]} 44. Qa3
{[%clk 0:25:21]} Kg8 {[%clk 0:36:53]} 45. a5 {[%clk 0:23:57]} Ra6
{[%clk 0:37:08]} 46. Qb3+ {[%clk 0:24:06]} Kh8 {[%clk 0:36:56]} 47. g5
{[%clk 0:24:13]} Rhg6 {[%clk 0:36:28]} 48. Qxh3+ Kg8 49. Qc8+ {[%clk 0:24:08]}
Kh7 {[%clk 0:37:19]} 50. Qf5 {[%clk 0:24:19]} Kg8 {[%clk 0:37:26]} 51. h4
{[%clk 0:24:30]} Rgc6 {[%clk 0:37:13]} 52. h5 {[%clk 0:24:37]} Kh8
{[%clk 0:37:26]} 53. Qf8+ {[%clk 0:23:54]} Kh7 {[%clk 0:37:44]} 54. g6+
{[%clk 0:24:01]} Kh6 {[%clk 0:38:07]} 55. Qh8+ {[%clk 0:24:16]} Kg5
{[%clk 0:38:31]} 56. Qxg7 {[%clk 0:24:31]} Rf6+ {[%clk 0:37:06]} 57. Ke3
{[%clk 0:20:34]} Rad6 {[%clk 0:37:23]} 1/2-1/2

[Event "WCO 2016"]
[Site "?"]
[Date "2016.09.13"]
[Round "11"]
[Board "24"]
[WhiteID "7801076"]
[White "Syed Ahmad Ali"]
[BlackID "10100911"]
[Black "Aguiar Cristiano"]
[Result "0-1"]
[BlackElo "2208"]
[WhiteElo "2343"]
[LiveChessVersion "1.4.8"]

1. Nf3 {[%clk 1:28:38]} Nf6 {[%clk 1:30:52]} 2. d4 {[%clk 1:28:19]} d5
{[%clk 1:31:15]} 3. g3 {[%clk 1:28:05]} e6 {[%clk 1:31:39]} 4. Bg2
{[%clk 1:28:16]} Be7 {[%clk 1:31:58]} 5. O-O {[%clk 1:28:32]} O-O
{[%clk 1:32:24]} 6. c4 {[%clk 1:28:32]} c6 {[%clk 1:22:43]} 7. b3
{[%clk 1:28:50]} Ne4 {[%clk 1:23:01]} 8. Bb2 {[%clk 1:29:12]} Nd7
{[%clk 1:23:21]} 9. Nc3 {[%clk 1:29:17]} f5 {[%clk 1:23:28]} 10. e3
{[%clk 1:28:56]} g5 {[%clk 1:21:27]} 11. Nxe4 {[%clk 1:14:22]} dxe4
{[%clk 1:21:39]} 12. Nd2 {[%clk 0:46:58]} g4 {[%clk 1:20:49]} 13. h3
{[%clk 0:37:12]} gxh3 {[%clk 1:18:55]} 14. Bxh3 {[%clk 0:37:40]} Rf6
{[%clk 1:18:23]} 15. f3 {[%clk 0:26:18]} Rg6 {[%clk 1:17:35]} 16. fxe4
{[%clk 0:22:31]} Rxg3+ {[%clk 1:17:41]} 17. Kh2 {[%clk 0:23:01]} Bd6
{[%clk 1:17:52]} 18. e5 {[%clk 0:22:36]} Qh4 0-1

[Event "WCO 2016"]
[Site "?"]
[Date "2016.09.13"]
[Round "11"]
[Board "21"]
[WhiteID "2800020"]
[White "Gruenfeld Yehuda"]
[BlackID "5900328"]
[Black "Constantinou Pavlos"]
[Result "1/2-1/2"]
[BlackElo "2058"]
[WhiteElo "2451"]
[LiveChessVersion "1.4.8"]

1. e4 {[%clk 1:30:58]} c5 {[%clk 1:30:47]} 2. Nf3 {[%clk 1:31:21]} Nc6
{[%clk 1:31:11]} 3. d4 {[%clk 1:31:46]} cxd4 {[%clk 1:31:36]} 4. Nxd4
{[%clk 1:32:11]} g6 {[%clk 1:32:01]} 5. c4 {[%clk 1:32:37]} Nf6 {[%clk 1:32:26]}
6. Nc3 {[%clk 1:33:02]} d6 {[%clk 1:32:35]} 7. Be2 {[%clk 1:33:21]} Nxd4
{[%clk 1:33:00]} 8. Qxd4 {[%clk 1:33:43]} Bg7 {[%clk 1:33:27]} 9. Be3
{[%clk 1:34:03]} O-O {[%clk 1:33:50]} 10. Qd2 {[%clk 1:34:22]} Be6
{[%clk 1:34:01]} 11. Rc1 {[%clk 1:30:11]} Qa5 {[%clk 1:34:15]} 12. f3
{[%clk 1:29:41]} Rfc8 {[%clk 1:34:39]} 13. b3 {[%clk 1:30:07]} a6
{[%clk 1:34:45]} 14. Na4 {[%clk 1:30:22]} Qxd2+ {[%clk 1:35:11]} 15. Kxd2
{[%clk 1:30:46]} Nd7 {[%clk 1:35:32]} 16. g4 {[%clk 1:30:54]} f5 {[%clk 1:35:57]}
17. gxf5 {[%clk 1:31:10]} gxf5 {[%clk 1:36:24]} 18. Rhg1 {[%clk 1:25:19]} Kh8
{[%clk 1:36:15]} 19. exf5 {[%clk 0:50:01]} Bxf5 {[%clk 1:35:35]} 20. h4
{[%clk 0:50:19]} Rg8 {[%clk 1:31:58]} 21. h5 {[%clk 0:49:27]} Bf6
{[%clk 1:20:09]} 22. Nc3 {[%clk 0:43:02]} e6 {[%clk 1:17:36]} 23. f4
{[%clk 0:37:42]} Nc5 {[%clk 1:00:23]} 24. Bf3 {[%clk 0:37:26]} Rab8
{[%clk 0:55:37]} 25. b4 {[%clk 0:37:21]} Nd3 {[%clk 0:51:05]} 26. Rb1
{[%clk 0:37:08]} Rxg1 {[%clk 0:50:44]} 27. Rxg1 {[%clk 0:36:15]} Nxb4
{[%clk 0:50:53]} 28. Ne4 {[%clk 0:36:28]} Bxe4 {[%clk 0:49:23]} 29. Bxe4
{[%clk 0:36:52]} Nxa2 {[%clk 0:49:22]} 30. f5 {[%clk 0:37:08]} Nc3
{[%clk 0:46:57]} 31. Bc2 {[%clk 0:37:29]} exf5 {[%clk 0:41:50]} 32. Bxf5
{[%clk 0:37:54]} b5 {[%clk 0:39:14]} 33. cxb5 {[%clk 0:37:38]} axb5
{[%clk 0:38:49]} 34. Kd3 {[%clk 0:38:04]} b4 {[%clk 0:38:56]} 35. Bd2
{[%clk 0:38:24]} Na4 {[%clk 0:31:20]} 36. Kc4 {[%clk 0:37:26]} b3
{[%clk 0:30:30]} 37. Kd5 {[%clk 0:37:39]} Be5 {[%clk 0:17:26]} 38. h6
{[%clk 0:35:25]} b2 {[%clk 0:12:22]} 39. Bb1 {[%clk 0:29:10]} Nb6+
{[%clk 0:05:36]} 40. Ke6 {[%clk 0:58:57]} Nc4 {[%clk 0:35:36]} 41. Bg5
{[%clk 0:57:39]} Na3 {[%clk 0:34:12]} 42. Kf7 {[%clk 0:53:27]} Nxb1
{[%clk 0:33:41]} 43. Rxb1 {[%clk 0:53:30]} Rb7+ {[%clk 0:31:38]} 44. Be7
{[%clk 0:52:53]} Rb3 {[%clk 0:19:46]} 45. Ke6 {[%clk 0:50:27]} Rg3
{[%clk 0:03:49]} 46. Bxd6 {[%clk 0:49:50]} Bxd6 {[%clk 0:04:05]} 47. Kxd6
{[%clk 0:50:12]} Rg6+ {[%clk 0:02:23]} 48. Ke5 {[%clk 0:50:21]} Rg2
{[%clk 0:02:00]} 49. Kd4 {[%clk 0:50:47]} Rh2 {[%clk 0:02:19]} 50. Kc3
{[%clk 0:51:12]} Rxh6 {[%clk 0:02:13]} 51. Rxb2 {[%clk 0:51:36]} Rd6
{[%clk 0:02:37]} 52. Rd2 {[%clk 0:51:59]} Re6 {[%clk 0:02:16]} 53. Kd3
{[%clk 0:52:23]} Kg7 {[%clk 0:02:25]} 54. Re2 {[%clk 0:52:35]} Rf6
{[%clk 0:02:17]} 55. Ke3 {[%clk 0:53:00]} Kg6 {[%clk 0:02:36]} 56. Rg2+
{[%clk 0:53:22]} Kh6 {[%clk 0:02:28]} 57. Rh2+ {[%clk 0:53:47]} Kg7
{[%clk 0:02:52]} 58. Rf2 {[%clk 0:54:10]} Rxf2 {[%clk 0:03:06]} 1/2-1/2

[Event "WCO 2016"]
[Site "?"]
[Date "2016.09.13"]
[Round "11"]
[Board "22"]
[WhiteID "5901545"]
[White "Theocharous Stelios"]
[BlackID "14502593"]
[Black "Bozinovic Bogdan"]
[Result "0-1"]
[BlackElo "2219"]
[WhiteElo "2065"]
[LiveChessVersion "1.4.8"]

1. e4 {[%clk 1:30:58]} c5 {[%clk 1:30:24]} 2. Nf3 {[%clk 1:31:22]} d6
{[%clk 1:30:21]} 3. d4 {[%clk 1:31:45]} cxd4 {[%clk 1:30:37]} 4. Nxd4
{[%clk 1:32:09]} Nf6 {[%clk 1:30:49]} 5. Nc3 {[%clk 1:32:30]} a6 {[%clk 1:30:56]}
6. Be2 {[%clk 1:32:53]} e6 {[%clk 1:30:35]} 7. O-O {[%clk 1:32:38]} b5
{[%clk 1:28:49]} 8. Bf3 {[%clk 1:16:56]} Ra7 {[%clk 1:29:10]} 9. Be3
{[%clk 1:10:11]} Rd7 {[%clk 1:27:17]} 10. g4 {[%clk 0:56:36]} h6 {[%clk 1:23:37]}
11. h4 {[%clk 0:54:06]} b4 {[%clk 0:59:06]} 12. Nce2 {[%clk 0:47:25]} e5
{[%clk 0:54:42]} 13. Nf5 {[%clk 0:37:53]} g6 {[%clk 0:54:05]} 14. Nfg3
{[%clk 0:33:24]} d5 {[%clk 0:52:39]} 15. Qc1 {[%clk 0:27:21]} d4 {[%clk 0:44:25]}
16. Bd2 {[%clk 0:26:37]} Rc7 {[%clk 0:42:04]} 17. g5 {[%clk 0:23:46]} hxg5
{[%clk 0:41:40]} 18. hxg5 {[%clk 0:23:43]} Nh7 {[%clk 0:36:24]} 19. Rd1
{[%clk 0:19:07]} Be7 {[%clk 0:35:31]} 20. Bg2 {[%clk 0:18:39]} Bd7
{[%clk 0:32:07]} 21. c4 {[%clk 0:15:58]} Nxg5 {[%clk 0:25:00]} 22. f4
{[%clk 0:14:24]} Ne6 {[%clk 0:22:33]} 23. fxe5 {[%clk 0:13:44]} Nc6
{[%clk 0:20:39]} 24. Nf4 {[%clk 0:08:30]} Nxf4 {[%clk 0:19:25]} 25. Bxf4
{[%clk 0:08:56]} Be6 {[%clk 0:17:41]} 26. b3 {[%clk 0:08:18]} Qc8
{[%clk 0:15:20]} 27. Bg5 {[%clk 0:07:13]} Qd8 {[%clk 0:12:23]} 28. Bf4
{[%clk 0:06:49]} Rd7 {[%clk 0:10:38]} 29. Nf1 {[%clk 0:05:10]} Qa5
{[%clk 0:06:43]} 30. Nd2 {[%clk 0:03:47]} g5 {[%clk 0:05:50]} 31. Bg3
{[%clk 0:03:51]} g4 {[%clk 0:05:52]} 32. c5 {[%clk 0:02:45]} Bg5 {[%clk 0:04:35]}
33. Qb2 {[%clk 0:02:33]} Be3+ {[%clk 0:03:45]} 34. Bf2 {[%clk 0:01:52]} Bxf2+
{[%clk 0:03:43]} 35. Kxf2 {[%clk 0:02:17]} Nxe5 {[%clk 0:03:53]} 36. Qc2
{[%clk 0:01:17]} d3 {[%clk 0:04:05]} 37. Qc1 {[%clk 0:01:35]} Rc7
{[%clk 0:04:08]} 38. Nf1 {[%clk 0:00:52]} Rxc5 {[%clk 0:03:33]} 39. Qe3
{[%clk 0:00:43]} Qc7 {[%clk 0:02:15]} 40. Rac1 {[%clk 0:30:36]} Rc3
{[%clk 0:31:26]} 41. Ng3 {[%clk 0:28:39]} d2 {[%clk 0:25:43]} 42. Qxd2
{[%clk 0:26:09]} Nd3+ {[%clk 0:25:39]} 0-1